Graesk til rejsebrug : Greek for Danish-Speaking Travellers /

Gardado en:
Detalles Bibliográficos
Formato: Libro
Idioma:Greek
Publicado: Lausana, Suiza : Berlitz, 1975, c1975
Temas:
Etiquetas: Engadir etiqueta
Sen Etiquetas, Sexa o primeiro en etiquetar este rexistro!

MARC

LEADER 00000nam^a2200000^a^4500
001 000358004
005 20250521000000.0
009 20260310115315.569
025 |a Donación Jorge Manzano Vargas, 1 ejemplar 
037 |a Acervo Xavier Clavigero 
041 |a GRI 
082 |a 483.  |b GRA 
245 0 0 |a Graesk til rejsebrug :  |b Greek for Danish-Speaking Travellers / 
264 4 |a Lausana, Suiza :  |b Berlitz,  |c 1975, c1975 
300 |a 192 p. 
336 |a texto  |b txt  |2 rdacontenido 
337 |a sin mediación  |b n  |2 rdamedio 
338 |a volumen  |b nc  |2 rdasoporte 
546 |a Edición bilingüe danés-griego 
649 |a XX 
650 |a Griego-Danés -  |x Glosarios, Vocabularios, etc. -  |x Tema Principal 
650 |a Lenguas Indo-Europeas -  |x Enciclopedias y Diccionarios 
650 |a Lingüística 
650 |a Enciclopedias y Diccionarios Bilingües 
910 |a Fondo Jorge Manzano Vargas S.J. 
920 |a Impresos - Libros 
930 |a Fondos Especiales 
905 |a 120 
901 |a 0500252087  |b IT2  |c ESP  |u 20250521 
902 |a https://opac.biblio.iteso.mx/vufind/Record/000358004